Energeticky úsporné budovy a ich ekologické vlastnosti postgraduálny dištančný kurz, Bratislava 1997-1998 C Komplexné hľadisko prevádzky energeticky úspornej budovy

Bibliographic Details
Format: Book
Language:Slovak
PhysicalDescription:24 brožúr v prebale sch., tab. 30 cm
Published: [Bratislava Slovenská technická univerzita 1997]
ISBN:8022710644
Subjects:

MARC

LEADER 00000nam a2200000 a 4500
001 vtls001335342
003 SK-MaSNL
005 20260301200523.0
008 240226s1997 xo ap r yy slo
015 |a SNBA1998/11-04011 
020 |a 8022710644 
035 |a SNK000288312 
035 |a urn:nbn:sk:snk-am3h4vb 
035 |a urn:nbn:sk:snk-am00cnr4 
035 |a D9E8263C-CF8D-4060-A745-2C6508904676 
040 |a SNK  |b slo  |c SNK  |e AACR2 
041 0 |a slo 
044 |a xo  |c SK 
080 |a 697(075.4)  |2 1981 
245 0 |a Energeticky úsporné budovy a ich ekologické vlastnosti  |b postgraduálny dištančný kurz, Bratislava 1997-1998  |n C  |p Komplexné hľadisko prevádzky energeticky úspornej budovy 
260 |a [Bratislava  |b Slovenská technická univerzita  |c 1997] 
300 |a 24 brožúr v prebale  |b sch., tab.  |c 30 cm 
500 |a Obalový názov 
504 |a Bibliogr. odkazy 
650 0 7 |a budovy  |x energia  |x prevádzka  |x úspora  |x učebnice kurzov  |2 SNK  |9 579820 
655 7 |a príručky  |2 SNK  |9 74364 
919 |a 80-227-1064-4 
958 |a TL 
958 |a NB 
958 |a OND 
999 |c 890845  |d 892775 
952 |t P60, <03>, [BOOK], {603}  |a SNK  |b SNK  |y PREZ  |7 0  |p 17A0144311  |o snkSB 59132  |i snkKSP 6706/98  |0 0  |1 0  |4 0  |d 1998-06-29  |f 1  |l 0  |r 2025-04-11 00:00:00  |w 2026-02-24 
952 |t P60, <04>, [BOOK], {604}  |a SNK  |b SNK  |y VYP  |7 0  |p 17A0144310  |o snkSB 59132 D1  |i snkKSP 6707/98  |0 0  |1 0  |4 0  |d 1998-06-29  |l 0  |r 2005-01-02 00:00:00  |w 2026-02-24